El Intercambio regional de productos agrícolas: 1960-1974

Intercambio, importaciones y exportaciones de productos agrícolas en América Cnetral, de 1960 a 1974. Estudia la evolución del intercambio regional de productos agrícolas, el valor y volumen de las importaciones y exportaciones intraregionales de los mismos los análisis se refieren tanto a nivel reg...

Descripció completa

Guardat en:
Dades bibliogràfiques
Autor corporatiu: SIECA
Format: Text
Publicat: Guatemala: SIECA. INTAGRO
Matèries:
Etiquetes: Afegir etiqueta
Sense etiquetes, Sigues el primer a etiquetar aquest registre!

MARC

LEADER 00000 a a2200000 04500
001 19866
003
040
090 |a 080502  
110 |a SIECA  
245 |a El Intercambio regional de productos agrícolas: 1960-1974  
260 |a Guatemala:   |b SIECA. INTAGRO  
300 |a 295 p.; v. 2  
520 |a Intercambio, importaciones y exportaciones de productos agrícolas en América Cnetral, de 1960 a 1974. Estudia la evolución del intercambio regional de productos agrícolas, el valor y volumen de las importaciones y exportaciones intraregionales de los mismos los análisis se refieren tanto a nivel regional como de países./ACM  
650 |a AMERICA CENTRAL  
650 |a MCCA  
650 |a INTEGRACION ECONOMICA  
650 |a PRODUCCION AGRICOLA  
650 |a EXPORTACIONES  
650 |a IMPORTACIONES  
650 |a PUB. SIECA  
999 |c 6155  |d 6155